[Event "EYCC 2024 - G14"]
[Site "?"]
[Date "2024.08.31"]
[Round "9.1"]
[White "Briem, Gudrun Fanney"]
[Black "Trunz, Tamila"]
[Result "1/2-1/2"]
[BlackElo "1962"]
[WhiteElo "1764"]
[LiveChessVersion "1.4.8"]

1. d4 {[%clk 1:30:54]} Nf6 {[%clk 1:30:51]} 2. c4 {[%clk 1:31:18]} e6
{[%clk 1:31:02]} 3. g3 {[%clk 1:31:40]} d5 {[%clk 1:30:36]} 4. Bg2
{[%clk 1:31:57]} Be7 {[%clk 1:30:41]} 5. Nf3 {[%clk 1:32:20]} c6 {[%clk 1:30:14]}
6. O-O {[%clk 1:32:27]} b6 {[%clk 1:26:20]} 7. Qc2 {[%clk 1:32:24]} Nbd7
{[%clk 1:22:04]} 8. Nbd2 {[%clk 1:31:11]} Ba6 {[%clk 1:14:57]} 9. b3
{[%clk 1:28:26]} O-O {[%clk 1:09:08]} 10. e4 {[%clk 1:21:16]} c5 {[%clk 1:08:21]}
11. e5 {[%clk 1:20:10]} Ne8 {[%clk 1:07:44]} 12. Re1 {[%clk 1:13:24]} Rc8
{[%clk 1:04:20]} 13. cxd5 {[%clk 1:04:22]} cxd4 {[%clk 1:01:38]} 14. Qd1
{[%clk 0:53:41]} exd5 {[%clk 0:55:12]} 15. Nxd4 {[%clk 0:51:31]} Nc5
{[%clk 0:46:30]} 16. Bf1 {[%clk 0:45:56]} Bxf1 {[%clk 0:43:55]} 17. Nxf1
{[%clk 0:46:00]} Ne4 {[%clk 0:41:10]} 18. Nf5 {[%clk 0:37:05]} Bb4
{[%clk 0:37:37]} 19. Bd2 {[%clk 0:35:47]} Nxd2 {[%clk 0:31:20]} 20. Nxd2
{[%clk 0:35:48]} Qg5 {[%clk 0:29:16]} 21. Ne3 {[%clk 0:32:47]} Qxe5
{[%clk 0:26:09]} 22. Nf3 {[%clk 0:30:01]} Qd6 23. Nf5 {[%clk 0:22:50]} Qf6
{[%clk 0:21:23]} 24. Re5 {[%clk 0:19:44]} Rc3 {[%clk 0:19:20]} 25. Ne3
{[%clk 0:13:08]} Nc7 {[%clk 0:09:07]} 1/2-1/2

[Event "EYCC 2024 - G14"]
[Site "?"]
[Date "2024.08.31"]
[Round "9.2"]
[White "Biro, Beata"]
[Black "Huseynli, Ayan"]
[Result "1/2-1/2"]
[BlackElo "1804"]
[WhiteElo "1926"]
[LiveChessVersion "1.4.8"]

1. e4 {[%clk 1:30:57]} e6 {[%clk 1:30:59]} 2. d4 {[%clk 1:31:17]} d5
{[%clk 1:31:27]} 3. Nd2 {[%clk 1:31:38]} Be7 {[%clk 1:31:50]} 4. e5
{[%clk 1:31:28]} c5 {[%clk 1:32:12]} 5. c3 {[%clk 1:31:30]} Qb6 {[%clk 1:31:53]}
6. Ngf3 {[%clk 1:31:14]} Nc6 {[%clk 1:31:56]} 7. Nb3 {[%clk 1:29:42]} cxd4
{[%clk 1:30:48]} 8. cxd4 {[%clk 1:29:58]} a5 {[%clk 1:29:00]} 9. a4
{[%clk 1:27:22]} Bb4+ {[%clk 1:28:27]} 10. Bd2 {[%clk 1:27:06]} Bxd2+
{[%clk 1:25:43]} 11. Nfxd2 {[%clk 1:26:39]} Nxd4 {[%clk 1:24:12]} 12. Bd3
{[%clk 1:22:12]} Ne7 {[%clk 1:18:47]} 13. O-O {[%clk 1:20:22]} Nec6
{[%clk 1:17:44]} 14. Nxd4 {[%clk 1:12:59]} Qxd4 {[%clk 1:14:51]} 15. Nf3
{[%clk 1:12:08]} Qxb2 {[%clk 1:10:33]} 16. Bb5 {[%clk 1:11:59]} Bd7
{[%clk 1:09:58]} 17. Re1 {[%clk 1:12:14]} Qb4 {[%clk 1:09:21]} 18. Rb1
{[%clk 1:11:36]} Qe7 {[%clk 1:09:02]} 19. Bf1 {[%clk 1:08:29]} Nb4
{[%clk 1:06:55]} 20. Nd4 {[%clk 1:06:29]} O-O {[%clk 1:06:27]} 21. Re3
{[%clk 1:00:54]} f5 {[%clk 1:05:19]} 22. Rh3 {[%clk 0:58:56]} Rac8
{[%clk 1:03:16]} 23. Kh1 {[%clk 0:56:00]} g6 {[%clk 0:58:06]} 24. Rg3
{[%clk 0:51:15]} Rc7 {[%clk 0:52:16]} 25. f4 {[%clk 0:44:58]} Qc5
{[%clk 0:47:55]} 26. h4 {[%clk 0:42:32]} Kf7 {[%clk 0:46:57]} 27. h5
{[%clk 0:39:20]} Rh8 {[%clk 0:43:38]} 28. Rh3 {[%clk 0:38:02]} Rcc8
{[%clk 0:43:15]} 29. Bb5 {[%clk 0:37:30]} Nc6 {[%clk 0:38:17]} 30. Nf3
{[%clk 0:35:50]} Rcf8 {[%clk 0:34:21]} 31. Ng5+ {[%clk 0:32:52]} Ke7
{[%clk 0:34:13]} 32. Qe1 {[%clk 0:32:34]} h6 {[%clk 0:33:20]} 33. Nf3
{[%clk 0:32:53]} gxh5 {[%clk 0:33:19]} 34. Qh4+ {[%clk 0:33:00]} Ke8
{[%clk 0:33:45]} 35. Qxh5+ {[%clk 0:31:20]} Kd8 {[%clk 0:34:11]} 36. Nh4
{[%clk 0:29:37]} Rh7 {[%clk 0:29:48]} 37. Bxc6 {[%clk 0:27:45]} bxc6
{[%clk 0:27:41]} 38. Rhb3 {[%clk 0:27:13]} Bc8 {[%clk 0:27:02]} 39. Nf3
{[%clk 0:20:11]} Rff7 {[%clk 0:25:07]} 40. Qh4+ {[%clk 0:20:25]} Re7
{[%clk 0:24:26]} 41. Rb8 {[%clk 0:17:19]} Kc7 {[%clk 0:22:32]} 42. Qe1
{[%clk 0:15:20]} Kd8 {[%clk 0:19:14]} 43. Qh4 {[%clk 0:13:34]} Kc7
{[%clk 0:13:25]} 44. Qe1 {[%clk 0:13:51]} 1/2-1/2

[Event "EYCC 2024 - G14"]
[Site "?"]
[Date "2024.08.31"]
[Round "9.3"]
[White "Valente, Sofia"]
[Black "Kozusnikova, Daniela"]
[Result "0-1"]
[BlackElo "1804"]
[WhiteElo "1888"]
[LiveChessVersion "1.4.8"]

1. d4 {[%clk 1:30:59]} d5 {[%clk 1:30:54]} 2. c4 {[%clk 1:31:25]} e6
{[%clk 1:31:20]} 3. Nc3 {[%clk 1:31:52]} c6 {[%clk 1:31:47]} 4. cxd5
{[%clk 1:32:17]} exd5 {[%clk 1:32:12]} 5. Nf3 {[%clk 1:32:32]} Bd6
{[%clk 1:32:36]} 6. Bg5 {[%clk 1:32:46]} Ne7 {[%clk 1:32:59]} 7. e3
{[%clk 1:33:01]} Bf5 {[%clk 1:33:14]} 8. Bd3 {[%clk 1:33:05]} Bxd3
{[%clk 1:33:21]} 9. Qxd3 {[%clk 1:33:33]} Nd7 {[%clk 1:28:50]} 10. O-O
{[%clk 1:33:45]} O-O {[%clk 1:25:53]} 11. Rab1 {[%clk 1:34:01]} a5
{[%clk 1:25:39]} 12. Rfc1 {[%clk 1:33:05]} Nb6 {[%clk 1:19:53]} 13. b3
{[%clk 1:32:12]} Qd7 {[%clk 1:17:38]} 14. Ne2 {[%clk 1:31:49]} Rfe8
{[%clk 1:15:10]} 15. Bf4 {[%clk 1:31:06]} Nf5 {[%clk 1:09:57]} 16. Bxd6
{[%clk 1:25:43]} Nxd6 {[%clk 1:10:21]} 17. Ng3 {[%clk 1:24:12]} Ne4
{[%clk 1:09:40]} 18. Ne5 {[%clk 1:23:23]} Qe6 {[%clk 1:07:29]} 19. b4
{[%clk 1:20:08]} Nc8 {[%clk 1:01:02]} 20. b5 {[%clk 1:18:14]} c5 {[%clk 0:58:41]}
21. Nxe4 {[%clk 1:14:53]} dxe4 {[%clk 0:58:49]} 22. Qc4 {[%clk 1:07:21]} f6
{[%clk 0:52:22]} 23. Qxe6+ {[%clk 1:02:28]} Rxe6 {[%clk 0:52:48]} 24. Nc4
{[%clk 1:02:12]} cxd4 {[%clk 0:52:42]} 25. exd4 {[%clk 1:02:28]} Ne7
{[%clk 0:42:02]} 26. Ne3 {[%clk 0:59:37]} Rd8 {[%clk 0:38:55]} 27. Rc4
{[%clk 0:57:52]} Kf8 {[%clk 0:37:11]} 28. h3 {[%clk 0:55:22]} Red6
{[%clk 0:36:39]} 29. Rd1 {[%clk 0:54:54]} f5 {[%clk 0:35:24]} 30. g3
{[%clk 0:54:24]} g5 {[%clk 0:33:56]} 31. a3 {[%clk 0:50:40]} f4 {[%clk 0:28:07]}
32. Nc2 {[%clk 0:49:42]} Ke8 {[%clk 0:21:09]} 33. Re1 {[%clk 0:48:00]} Re6
{[%clk 0:21:26]} 34. d5 {[%clk 0:45:40]} Rxd5 {[%clk 0:20:46]} 35. Rcxe4
{[%clk 0:44:51]} Rxe4 {[%clk 0:20:50]} 36. Rxe4 {[%clk 0:45:18]} fxg3
{[%clk 0:20:56]} 37. fxg3 {[%clk 0:45:07]} Rxb5 {[%clk 0:20:28]} 38. Nd4
{[%clk 0:45:01]} Rd5 {[%clk 0:20:02]} 39. g4 {[%clk 0:43:30]} Kd7
{[%clk 0:17:59]} 40. Kf2 {[%clk 0:42:58]} Nc6 {[%clk 0:16:46]} 41. Nb3
{[%clk 0:41:59]} Rb5 {[%clk 0:14:33]} 42. Re3 {[%clk 0:41:22]} Ne5
{[%clk 0:13:00]} 43. Nd4 {[%clk 0:40:02]} Rb2+ {[%clk 0:13:00]} 44. Kg3
{[%clk 0:38:51]} Nc4 {[%clk 0:12:08]} 45. Rc3 {[%clk 0:37:37]} Nd6
{[%clk 0:12:30]} 46. Re3 {[%clk 0:37:27]} Ra2 {[%clk 0:12:01]} 47. Rd3
{[%clk 0:36:35]} Ke7 {[%clk 0:12:04]} 48. Re3+ {[%clk 0:35:51]} Kf7
{[%clk 0:12:19]} 49. Rf3+ {[%clk 0:35:34]} Kg6 {[%clk 0:11:26]} 50. Rb3
{[%clk 0:34:39]} Ne4+ {[%clk 0:11:34]} 51. Kf3 {[%clk 0:34:52]} Nd2+
{[%clk 0:11:59]} 0-1

[Event "EYCC 2024 - G14"]
[Site "?"]
[Date "2024.08.31"]
[Round "9.4"]
[White "Halas, Neele Zoe"]
[Black "Viti, Greta"]
[Result "0-1"]
[BlackElo "1874"]
[WhiteElo "1785"]
[LiveChessVersion "1.4.8"]

1. e4 {[%clk 1:30:58]} e5 {[%clk 1:30:57]} 2. Nf3 {[%clk 1:31:21]} Nc6
{[%clk 1:31:24]} 3. Bc4 {[%clk 1:31:43]} Nf6 {[%clk 1:31:50]} 4. d3
{[%clk 1:32:09]} Bc5 {[%clk 1:32:16]} 5. c3 {[%clk 1:32:29]} a5 {[%clk 1:32:44]}
6. a4 {[%clk 1:32:28]} d6 {[%clk 1:33:09]} 7. O-O {[%clk 1:32:34]} Ba7
{[%clk 1:32:45]} 8. Qb3 {[%clk 1:26:03]} Qe7 {[%clk 1:30:19]} 9. h3
{[%clk 1:13:36]} h6 {[%clk 1:24:15]} 10. Re1 {[%clk 1:13:08]} O-O
{[%clk 1:23:42]} 11. Be3 {[%clk 1:07:18]} Bxe3 {[%clk 1:16:46]} 12. Rxe3
{[%clk 1:02:34]} Nh5 {[%clk 1:14:03]} 13. Nbd2 {[%clk 0:55:33]} Nf4
{[%clk 1:10:22]} 14. Nf1 {[%clk 0:51:40]} Qf6 {[%clk 0:58:07]} 15. Qc2
{[%clk 0:37:57]} Ne7 {[%clk 0:44:52]} 16. d4 {[%clk 0:29:45]} Neg6
{[%clk 0:37:37]} 17. dxe5 {[%clk 0:28:25]} dxe5 {[%clk 0:37:28]} 18. Ng3
{[%clk 0:26:40]} Bd7 {[%clk 0:31:24]} 19. Rd1 {[%clk 0:24:09]} Rad8
{[%clk 0:29:28]} 20. Bf1 {[%clk 0:21:38]} Bc6 {[%clk 0:25:54]} 21. Ree1
{[%clk 0:20:07]} Nxh3+ {[%clk 0:21:00]} 22. gxh3 {[%clk 0:19:53]} Qxf3
{[%clk 0:21:13]} 23. Bg2 {[%clk 0:16:11]} Qf6 {[%clk 0:21:09]} 24. Nf5
{[%clk 0:12:16]} Nf4 {[%clk 0:19:25]} 25. f3 {[%clk 0:09:25]} Qg5
{[%clk 0:16:00]} 26. Rxd8 {[%clk 0:06:39]} Rxd8 {[%clk 0:15:38]} 27. Kh1
{[%clk 0:03:48]} Bxa4 {[%clk 0:12:40]} 28. h4 {[%clk 0:02:21]} Qxf5
{[%clk 0:11:38]} 29. Qxa4 {[%clk 0:02:36]} Qh5 {[%clk 0:11:37]} 30. Kg1
{[%clk 0:02:12]} Qxh4 {[%clk 0:11:37]} 31. Re3 {[%clk 0:02:06]} Qg3
{[%clk 0:12:02]} 32. Qc2 {[%clk 0:02:20]} Rd1+ {[%clk 0:12:22]} 33. Qxd1
{[%clk 0:02:40]} Qxg2# {[%clk 0:11:27]} 0-1

[Event "EYCC 2024 - G14"]
[Site "?"]
[Date "2024.08.31"]
[Round "9.5"]
[White "Richter, Johanna"]
[Black "Kravchenko, Anastasiia"]
[Result "0-1"]
[BlackElo "1690"]
[WhiteElo "1861"]
[LiveChessVersion "1.4.8"]

1. d4 {[%clk 1:30:59]} Nf6 {[%clk 1:30:53]} 2. c4 {[%clk 1:31:24]} g6
{[%clk 1:31:17]} 3. Nc3 {[%clk 1:31:51]} Bg7 {[%clk 1:31:41]} 4. Nf3
{[%clk 1:32:18]} O-O {[%clk 1:31:57]} 5. g3 {[%clk 1:32:46]} d6 {[%clk 1:32:17]}
6. Bg2 {[%clk 1:33:08]} Nc6 {[%clk 1:31:14]} 7. O-O {[%clk 1:33:22]} Bd7
{[%clk 1:28:45]} 8. Re1 {[%clk 1:24:12]} Qc8 {[%clk 1:21:46]} 9. e4
{[%clk 1:17:45]} e5 {[%clk 1:21:30]} 10. d5 {[%clk 1:15:49]} Ne7 {[%clk 1:21:26]}
11. b4 {[%clk 1:15:14]} Ne8 {[%clk 1:18:56]} 12. Ba3 {[%clk 1:07:57]} f5
{[%clk 1:16:47]} 13. c5 {[%clk 1:04:53]} f4 {[%clk 1:15:51]} 14. b5
{[%clk 1:00:16]} Bh3 {[%clk 1:13:44]} 15. Rc1 {[%clk 0:55:05]} Bxg2
{[%clk 1:12:58]} 16. Kxg2 {[%clk 0:55:34]} h6 {[%clk 1:08:20]} 17. Na4
{[%clk 0:51:35]} Qd8 {[%clk 1:07:20]} 18. Qb3 {[%clk 0:49:36]} g5
{[%clk 1:04:23]} 19. g4 {[%clk 0:41:50]} Ng6 {[%clk 1:04:02]} 20. Bb2
{[%clk 0:32:41]} Nh4+ {[%clk 1:00:04]} 21. Nxh4 {[%clk 0:31:25]} gxh4
{[%clk 1:00:29]} 22. f3 {[%clk 0:31:34]} Qg5 {[%clk 0:58:46]} 23. h3
{[%clk 0:30:25]} h5 {[%clk 0:59:06]} 24. Kh2 {[%clk 0:29:00]} hxg4
{[%clk 0:59:18]} 25. hxg4 {[%clk 0:29:25]} Nf6 {[%clk 0:54:21]} 26. Kh3
{[%clk 0:26:37]} Qh6 {[%clk 0:49:20]} 27. cxd6 {[%clk 0:24:46]} cxd6
{[%clk 0:49:39]} 28. Ba3 {[%clk 0:24:55]} Nxg4 {[%clk 0:35:32]} 29. fxg4
{[%clk 0:22:37]} f3 {[%clk 0:35:57]} 30. g5 {[%clk 0:12:52]} Qh5 {[%clk 0:36:07]}
31. Qd1 {[%clk 0:10:00]} Rf4 {[%clk 0:35:09]} 32. Rg1 {[%clk 0:08:04]} Qf7
{[%clk 0:34:40]} 33. Rc3 {[%clk 0:05:10]} Rf8 {[%clk 0:33:51]} 34. Bc1
{[%clk 0:02:39]} f2 {[%clk 0:33:17]} 35. Rf1 {[%clk 0:02:13]} Rxe4
{[%clk 0:33:21]} 36. Rd3 {[%clk 0:01:18]} Qf5+ {[%clk 0:33:31]} 37. Kh2
{[%clk 0:01:35]} Re1 {[%clk 0:31:49]} 38. Qxe1 {[%clk 0:00:49]} fxe1=Q
{[%clk 0:32:02]} 0-1

[Event "EYCC 2024 - G14"]
[Site "?"]
[Date "2024.08.31"]
[Round "9.6"]
[White "Sida, Flavia-Maria"]
[Black "Aldea, Maria-Antonia"]
[Result "1/2-1/2"]
[BlackElo "1827"]
[WhiteElo "1746"]
[LiveChessVersion "1.4.8"]

1. d4 {[%clk 1:30:59]} d5 {[%clk 1:30:53]} 2. Nf3 {[%clk 1:31:19]} Nf6
{[%clk 1:31:11]} 3. c4 {[%clk 1:31:39]} dxc4 {[%clk 1:31:25]} 4. e3
{[%clk 1:26:19]} c5 {[%clk 1:27:47]} 5. Bxc4 {[%clk 1:21:24]} e6 {[%clk 1:19:31]}
6. O-O {[%clk 1:18:30]} cxd4 {[%clk 1:18:29]} 7. Qxd4 {[%clk 1:06:08]} Qxd4
{[%clk 1:15:23]} 8. Nxd4 {[%clk 0:58:26]} Be7 {[%clk 1:04:47]} 9. Nc3
{[%clk 0:56:08]} O-O {[%clk 1:02:46]} 10. b3 {[%clk 0:54:43]} a6 {[%clk 1:02:14]}
11. Bb2 {[%clk 0:54:48]} b5 {[%clk 1:00:49]} 12. Be2 {[%clk 0:53:52]} Bb7
{[%clk 1:01:01]} 13. Rac1 {[%clk 0:52:22]} Nbd7 {[%clk 0:58:28]} 14. Bf3
{[%clk 0:50:28]} Bxf3 {[%clk 0:56:55]} 15. Nxf3 {[%clk 0:50:45]} Rac8
{[%clk 0:55:26]} 16. Ne2 {[%clk 0:47:35]} Nd5 {[%clk 0:51:27]} 17. Rxc8
{[%clk 0:46:54]} Rxc8 {[%clk 0:51:52]} 18. Rc1 {[%clk 0:47:19]} Rxc1+
{[%clk 0:51:26]} 19. Nxc1 {[%clk 0:45:10]} f6 {[%clk 0:46:35]} 20. e4
{[%clk 0:44:02]} Nb4 {[%clk 0:46:02]} 21. Bc3 {[%clk 0:43:44]} Kf7
{[%clk 0:44:53]} 22. Kf1 {[%clk 0:42:04]} e5 {[%clk 0:43:15]} 23. Bxb4
{[%clk 0:39:56]} Bxb4 {[%clk 0:43:38]} 24. Nd3 {[%clk 0:39:52]} Bc5
{[%clk 0:42:55]} 25. Ke2 {[%clk 0:39:09]} Ke6 {[%clk 0:43:01]} 26. Nfe1
{[%clk 0:38:41]} a5 {[%clk 0:40:52]} 27. Nxc5+ {[%clk 0:37:40]} Nxc5
{[%clk 0:41:19]} 28. f3 {[%clk 0:38:02]} Kd6 {[%clk 0:40:40]} 29. Nd3
{[%clk 0:37:31]} Nxd3 {[%clk 0:38:05]} 30. Kxd3 {[%clk 0:37:54]} Kc5
{[%clk 0:36:27]} 31. a3 {[%clk 0:38:07]} a4 {[%clk 0:32:54]} 32. b4+
{[%clk 0:38:01]} Kd6 {[%clk 0:31:45]} 1/2-1/2

[Event "EYCC 2024 - G14"]
[Site "?"]
[Date "2024.08.31"]
[Round "9.7"]
[White "Derlich, Sarah Sima"]
[Black "Sivashankar, Samyukta"]
[Result "0-1"]
[BlackElo "1801"]
[WhiteElo "1982"]
[LiveChessVersion "1.4.8"]

1. e4 {[%clk 1:30:56]} d5 {[%clk 1:30:55]} 2. exd5 {[%clk 1:31:18]} Nf6
{[%clk 1:31:21]} 3. Nf3 {[%clk 1:31:40]} Nxd5 {[%clk 1:31:45]} 4. d4
{[%clk 1:32:05]} g6 {[%clk 1:32:10]} 5. c4 {[%clk 1:32:27]} Nb6 {[%clk 1:32:36]}
6. Be3 {[%clk 1:32:40]} Bg7 {[%clk 1:32:45]} 7. h3 {[%clk 1:33:02]} O-O
{[%clk 1:32:26]} 8. Nc3 {[%clk 1:32:59]} Nc6 {[%clk 1:28:15]} 9. Qd2
{[%clk 1:33:07]} Re8 {[%clk 1:28:20]} 10. Be2 {[%clk 1:22:40]} e5
{[%clk 1:04:14]} 11. d5 {[%clk 1:19:53]} Ne7 {[%clk 1:03:18]} 12. O-O-O
{[%clk 1:11:36]} Nf5 {[%clk 1:02:13]} 13. c5 {[%clk 1:09:56]} Nxe3
{[%clk 1:00:03]} 14. Qxe3 {[%clk 0:58:23]} Nd7 {[%clk 0:59:38]} 15. c6
{[%clk 0:55:28]} Nb6 {[%clk 0:59:46]} 16. Bb5 {[%clk 0:54:43]} Re7
{[%clk 0:56:32]} 17. Qc5 {[%clk 0:45:07]} Bh6+ {[%clk 0:46:46]} 18. Kb1
{[%clk 0:42:50]} Qd6 {[%clk 0:46:07]} 19. Qxd6 {[%clk 0:41:04]} cxd6
{[%clk 0:46:31]} 20. Rhe1 {[%clk 0:33:24]} a6 {[%clk 0:45:14]} 21. Na4
{[%clk 0:29:53]} Nxd5 {[%clk 0:42:43]} 22. Rxd5 {[%clk 0:22:32]} axb5
{[%clk 0:42:11]} 23. Nb6 {[%clk 0:22:23]} Bf5+ {[%clk 0:42:05]} 24. Ka1
{[%clk 0:22:43]} Ra6 {[%clk 0:39:55]} 25. Rxb5 {[%clk 0:14:06]} bxc6
{[%clk 0:39:13]} 26. Rb4 {[%clk 0:14:04]} Rea7 {[%clk 0:38:28]} 27. a3
{[%clk 0:13:33]} e4 {[%clk 0:37:56]} 28. g4 {[%clk 0:10:38]} exf3
{[%clk 0:29:14]} 29. gxf5 {[%clk 0:09:27]} c5 {[%clk 0:29:34]} 30. f6
{[%clk 0:08:50]} cxb4 {[%clk 0:29:35]} 31. Re8+ {[%clk 0:09:16]} Bf8
{[%clk 0:29:57]} 32. Nc8 {[%clk 0:09:42]} Ra8 {[%clk 0:29:38]} 0-1

[Event "EYCC 2024 - G14"]
[Site "?"]
[Date "2024.08.31"]
[Round "9.8"]
[White "Panagiotopoulou, Nikoletta Christina"]
[Black "Nenova, Andzhelika"]
[Result "0-1"]
[BlackElo "1969"]
[WhiteElo "1731"]
[LiveChessVersion "1.4.8"]

1. e4 {[%clk 1:30:57]} c5 {[%clk 1:30:57]} 2. Nf3 {[%clk 1:31:23]} Nc6
{[%clk 1:31:23]} 3. d4 {[%clk 1:31:50]} cxd4 {[%clk 1:31:49]} 4. Nxd4
{[%clk 1:32:17]} Nf6 {[%clk 1:32:14]} 5. Nc3 {[%clk 1:32:41]} e5 {[%clk 1:32:41]}
6. Ndb5 {[%clk 1:33:07]} d6 {[%clk 1:33:08]} 7. Nd5 {[%clk 1:33:30]} Nxd5
{[%clk 1:33:33]} 8. exd5 {[%clk 1:33:53]} Nb8 {[%clk 1:34:00]} 9. Qf3
{[%clk 1:34:14]} a6 {[%clk 1:26:29]} 10. Qa3 {[%clk 1:34:38]} Be7
{[%clk 1:26:55]} 11. Bg5 {[%clk 1:33:29]} f6 {[%clk 1:26:11]} 12. Bd2
{[%clk 1:33:51]} O-O {[%clk 1:26:08]} 13. Bb4 {[%clk 1:33:46]} Qd7
{[%clk 1:26:23]} 14. Be2 {[%clk 1:27:14]} Rd8 {[%clk 1:24:04]} 15. Bd2
{[%clk 1:26:11]} b6 {[%clk 1:23:38]} 16. O-O {[%clk 1:24:15]} Bb7
{[%clk 1:23:44]} 17. Nc3 {[%clk 1:24:38]} f5 {[%clk 1:23:31]} 18. Rad1
{[%clk 1:20:16]} Bf6 {[%clk 1:23:31]} 19. Rfe1 {[%clk 1:19:05]} Qc7
{[%clk 1:22:59]} 20. g4 {[%clk 1:08:47]} g6 {[%clk 1:22:28]} 21. Kh1
{[%clk 1:06:41]} Kh8 {[%clk 1:22:18]} 22. Rg1 {[%clk 1:04:08]} Nd7
{[%clk 1:21:58]} 23. g5 {[%clk 1:03:47]} Bg7 {[%clk 1:22:05]} 24. h4
{[%clk 1:03:48]} b5 {[%clk 1:18:02]} 25. Rg2 {[%clk 0:56:37]} Nb6
{[%clk 1:17:05]} 26. Qb3 {[%clk 0:48:37]} Qf7 {[%clk 1:06:52]} 27. Be3
{[%clk 0:41:39]} Nd7 {[%clk 1:07:09]} 28. Rh2 {[%clk 0:39:23]} f4
{[%clk 0:57:50]} 29. Ne4 {[%clk 0:36:27]} Nc5 {[%clk 0:39:36]} 30. Bxc5
{[%clk 0:23:24]} dxc5 {[%clk 0:39:58]} 31. c4 {[%clk 0:17:11]} Rab8
{[%clk 0:39:03]} 32. Nc3 {[%clk 0:05:34]} f3 {[%clk 0:33:57]} 33. Bd3
{[%clk 0:03:43]} Qf4 {[%clk 0:29:26]} 34. cxb5 {[%clk 0:03:02]} e4
{[%clk 0:28:56]} 35. Bxe4 {[%clk 0:02:57]} Be5 {[%clk 0:29:17]} 36. Rh3
{[%clk 0:02:50]} Bc8 {[%clk 0:29:25]} 37. Rg3 {[%clk 0:01:15]} Qxh4+
{[%clk 0:29:48]} 38. Kg1 {[%clk 0:01:40]} Bxg3 {[%clk 0:30:07]} 39. fxg3
{[%clk 0:02:02]} Qxg3+ {[%clk 0:30:25]} 40. Kf1 {[%clk 0:01:51]} Bh3#
{[%clk 0:30:46]} 0-1

[Event "EYCC 2024 - G14"]
[Site "?"]
[Date "2024.08.31"]
[Round "9.9"]
[White "Slivova, Linda"]
[Black "Roebers, Bregje"]
[Result "1-0"]
[BlackElo "1796"]
[WhiteElo "1963"]
[LiveChessVersion "1.4.8"]

1. e4 {[%clk 1:30:54]} d6 {[%clk 1:30:41]} 2. Nc3 {[%clk 1:31:04]} g6
{[%clk 1:29:46]} 3. f4 {[%clk 1:31:17]} Bg7 {[%clk 1:29:29]} 4. Nf3
{[%clk 1:31:20]} c5 {[%clk 1:23:00]} 5. g3 {[%clk 1:28:58]} Nf6 {[%clk 1:21:20]}
6. Bg2 {[%clk 1:27:43]} O-O {[%clk 1:19:57]} 7. O-O {[%clk 1:25:31]} Nc6
{[%clk 1:17:42]} 8. h3 {[%clk 1:22:59]} Nh5 {[%clk 1:11:16]} 9. Kh2
{[%clk 1:22:18]} f5 {[%clk 1:09:27]} 10. d3 {[%clk 1:18:42]} Nf6 {[%clk 1:06:43]}
11. Be3 {[%clk 1:11:25]} Qc7 {[%clk 1:02:32]} 12. Re1 {[%clk 1:09:13]} a6
{[%clk 0:57:00]} 13. Bf2 {[%clk 1:03:41]} e6 {[%clk 0:44:19]} 14. e5
{[%clk 0:51:44]} dxe5 {[%clk 0:41:30]} 15. Nxe5 {[%clk 0:51:02]} Nxe5
{[%clk 0:38:36]} 16. Rxe5 {[%clk 0:51:11]} Nd5 {[%clk 0:33:00]} 17. Nxd5
{[%clk 0:46:36]} exd5 {[%clk 0:32:40]} 18. Bxd5+ {[%clk 0:45:29]} Kh8
{[%clk 0:32:27]} 19. Re2 {[%clk 0:44:14]} Bxb2 {[%clk 0:31:13]} 20. Rb1
{[%clk 0:44:34]} Bf6 {[%clk 0:30:19]} 21. Qg1 {[%clk 0:41:50]} Rd8
{[%clk 0:28:02]} 22. c4 {[%clk 0:27:14]} Rxd5 {[%clk 0:21:13]} 23. Re8+
{[%clk 0:24:56]} Kg7 {[%clk 0:21:35]} 24. cxd5 {[%clk 0:25:17]} b6
{[%clk 0:21:14]} 25. Qe1 {[%clk 0:20:16]} Ra7 {[%clk 0:15:18]} 26. Rxc8
{[%clk 0:13:38]} Qxc8 {[%clk 0:15:27]} 27. Rxb6 {[%clk 0:13:57]} Re7
{[%clk 0:14:38]} 28. Qf1 {[%clk 0:06:36]} Qe8 {[%clk 0:11:06]} 29. d6
{[%clk 0:06:57]} Re2 {[%clk 0:02:06]} 30. d7 {[%clk 0:07:20]} Qe7
{[%clk 0:01:05]} 31. Rb7 {[%clk 0:07:04]} Rxf2+ {[%clk 0:00:32]} 32. Qxf2
{[%clk 0:07:26]} Bd4 {[%clk 0:00:54]} 33. Qf3 {[%clk 0:06:05]} Kf6
{[%clk 0:01:05]} 34. Qc6+ {[%clk 0:06:04]} 1-0